Biokatalytická príprava 1-fenyletanolu pomocou oxidoreduktáz

Guardado en:
Detalles Bibliográficos
Autor principal: Pochová, Emma (Autor)
Otros Autores: Štefuca, Vladimír (Orientador)
Formato: Manuscrito Libro
Lenguaje:eslovaco
Publicado: 2024
Materias:
Acceso en línea:http://is.stuba.sk/zp/portal_zp.pl?podrobnosti=168868
Etiquetas: Agregar Etiqueta
Sin Etiquetas, Sea el primero en etiquetar este registro!

MARC

LEADER 00000ntm a22000003a 4500
001 stuzp99446
003 SK-STU
005 20240622210954.6
007 ta
008 150427s2015----xo-----f-mn---000-0-slo-d
040 |a STU  |b slo 
041 0 |a slo 
100 1 |a Pochová, Emma  |u 044000  |4 aut  |U FCHPT Fakulta chemickej a potravinárskej technológie  |T FCHPT Ústav biotechnológie  |X 116124  |U C4000  |Y 102  |7 116124 
242 0 1 |a Biocatalytic preparation of 1-phenylethanol using oxidoreductases  |y eng 
245 1 0 |a Biokatalytická príprava 1-fenyletanolu pomocou oxidoreduktáz 
260 |c 2024 
650 4 |a 1-fenyletanol  |2 slo 
650 4 |a regenerácia NADH  |2 slo 
650 4 |a formiátdehydrogenáza  |2 slo 
650 4 |a alkoholdehydrogenáza  |2 slo 
650 4 |a kinetika dvojenzýmového systému  |2 slo 
650 4 |a 1-phenylethanol  |2 eng 
650 4 |a NADH regeneration  |2 eng 
650 4 |a formate dehydrogenase  |2 eng 
650 4 |a alcohol dehydrogenase  |2 eng 
650 4 |a kinetics of two-enzyme system  |2 eng 
700 1 |a Štefuca, Vladimír  |u 044000  |k Z1  |4 ths  |U FCHPT Fakulta chemickej a potravinárskej technológie  |T FCHPT Ústav biotechnológie  |X 3884  |U C4000  |Y 102  |7 3884 
856 4 |u http://is.stuba.sk/zp/portal_zp.pl?podrobnosti=168868